<?xml version="1.0" encoding="UTF-8"?>
<collection xmlns="http://www.loc.gov/MARC21/slim">
<record>
  <controlfield tag="001">132251</controlfield>
  <controlfield tag="005">20240301161207.0</controlfield>
  <datafield tag="024" ind1="8" ind2=" ">
    <subfield code="2">sideral</subfield>
    <subfield code="a">137302</subfield>
  </datafield>
  <datafield tag="037" ind1=" " ind2=" ">
    <subfield code="a">ART-2023-137302</subfield>
  </datafield>
  <datafield tag="041" ind1=" " ind2=" ">
    <subfield code="a">spa</subfield>
  </datafield>
  <datafield tag="100" ind1=" " ind2=" ">
    <subfield code="a">García Laiglesia, Teresa</subfield>
  </datafield>
  <datafield tag="245" ind1=" " ind2=" ">
    <subfield code="a">Enfermería de Práctica Avanzada (EPA) en el proceso oncológico, un futuro no muy lejano</subfield>
  </datafield>
  <datafield tag="260" ind1=" " ind2=" ">
    <subfield code="c">2023</subfield>
  </datafield>
  <datafield tag="520" ind1="3" ind2=" ">
    <subfield code="a">Objetivos: Realizar una revisión sistemática sobre el papel de la Enfermería de Práctica Avanzada (EPA) durante el proceso de la enfermedad oncológica del paciente adulto en el ámbito sanitario español. 

Métodos: Revisión sistemática de los últimos cinco años, en las bases de datos de PubMed, Medline, Enfispo, Lilacs, Cuiden Plus, Web of Science, Cochrane, Dialnet, Science Direct, SciELO y Medes. Además, se incluyó un análisis individualizado de las referencias bibliográficas de los artículos encontrados en la búsqueda principal, así como la evaluación posterior del contenido y de la calidad según las recomendaciones del Centre for Evidence-Based Medicine de Oxford. 

Resultados: Los 14 artículos incluidos muestran que la implantación de esta figura, aunque está poco desarrollada en España, ofrece resultados adecuados en términos de efectividad, desde la etapa de prevención hasta el diagnóstico, tratamiento y rehabilitación. La EPA oncológica promueve la autonomía, la autorresponsabilidad y el autocuidado, da relevancia a la toma de decisiones conjuntas y aumenta la calidad de vida. 

Conclusiones: La ambigüedad que rodea a la figura de la EPA en el proceso oncológico en España es el principal obstáculo en su implementación. Resulta prioritario establecer un marco competencial de la EPA en consonancia con las necesidades de los pacientes y del sistema sanitario. Esta revisión podría ser un punto de partida para dicho objetivo.</subfield>
  </datafield>
  <datafield tag="506" ind1="0" ind2=" ">
    <subfield code="a">Access copy available to the general public</subfield>
    <subfield code="f">Unrestricted</subfield>
  </datafield>
  <datafield tag="540" ind1=" " ind2=" ">
    <subfield code="9">info:eu-repo/semantics/openAccess</subfield>
    <subfield code="a">by-nc-nd</subfield>
    <subfield code="u">http://creativecommons.org/licenses/by-nc-nd/3.0/es/</subfield>
  </datafield>
  <datafield tag="655" ind1=" " ind2="4">
    <subfield code="a">info:eu-repo/semantics/article</subfield>
    <subfield code="v">info:eu-repo/semantics/publishedVersion</subfield>
  </datafield>
  <datafield tag="700" ind1=" " ind2=" ">
    <subfield code="a">Antón Solanas, Isabel</subfield>
    <subfield code="u">Universidad de Zaragoza</subfield>
    <subfield code="0">(orcid)0000-0002-8206-4803</subfield>
  </datafield>
  <datafield tag="700" ind1=" " ind2=" ">
    <subfield code="a">Barba Pamplona, Sandra</subfield>
  </datafield>
  <datafield tag="700" ind1=" " ind2=" ">
    <subfield code="a">García Moyano, Loreto María</subfield>
  </datafield>
  <datafield tag="700" ind1=" " ind2=" ">
    <subfield code="a">Cano Oliván, Ángela</subfield>
  </datafield>
  <datafield tag="700" ind1=" " ind2=" ">
    <subfield code="a">Gayán Fenero, Lucía</subfield>
  </datafield>
  <datafield tag="700" ind1=" " ind2=" ">
    <subfield code="a">Ramón Arbués, Enrique</subfield>
    <subfield code="0">(orcid)0000-0002-7911-9949</subfield>
  </datafield>
  <datafield tag="710" ind1="2" ind2=" ">
    <subfield code="1">1006</subfield>
    <subfield code="2">255</subfield>
    <subfield code="a">Universidad de Zaragoza</subfield>
    <subfield code="b">Dpto. Fisiatría y Enfermería</subfield>
    <subfield code="c">Área Enfermería</subfield>
  </datafield>
  <datafield tag="773" ind1=" " ind2=" ">
    <subfield code="g">27, 4 (2023), 455-468</subfield>
    <subfield code="t">Revista Colombiana de Cancerologia</subfield>
    <subfield code="x">0123-9015</subfield>
  </datafield>
  <datafield tag="856" ind1="4" ind2=" ">
    <subfield code="s">576472</subfield>
    <subfield code="u">http://zaguan.unizar.es/record/132251/files/texto_completo.pdf</subfield>
    <subfield code="y">Versión publicada</subfield>
  </datafield>
  <datafield tag="856" ind1="4" ind2=" ">
    <subfield code="s">2216804</subfield>
    <subfield code="u">http://zaguan.unizar.es/record/132251/files/texto_completo.jpg?subformat=icon</subfield>
    <subfield code="x">icon</subfield>
    <subfield code="y">Versión publicada</subfield>
  </datafield>
  <datafield tag="909" ind1="C" ind2="O">
    <subfield code="o">oai:zaguan.unizar.es:132251</subfield>
    <subfield code="p">articulos</subfield>
    <subfield code="p">driver</subfield>
  </datafield>
  <datafield tag="951" ind1=" " ind2=" ">
    <subfield code="a">2024-03-01-14:53:12</subfield>
  </datafield>
  <datafield tag="980" ind1=" " ind2=" ">
    <subfield code="a">ARTICLE</subfield>
  </datafield>
</record>
</collection>